Statistics for London football Clubs

Click here to take the quiz!

General Stats

  • This quiz has been taken 893 times
    (576 since last reset)
  • The average score is 10 of 14

Answer Stats

Answer% Correct
Arsenal
99%
Chelsea
96%
Tottenham Hotspur
94%
West Ham United
86%
Crystal Palace
80%
Fulham
79%
Queens Park Rangers
69%
Brentford
62%
Millwall
62%
Charlton Athletic
55%
AFC Wimbledon
51%
Leyton Orient
50%
Watford
49%
Dagenham and Redbridge
24%

Score Distribution

Percentile by Number Answered

Percent of People with Each Score

Your Score History

You have not taken this quiz since the last reset